New labour ambiguity, or neo-liberal consistency? The debate about racial inequality in employment and the use of contract compliance (Record no. 66326)

000 -LEADER
fixed length control field 00516pab a2200169 454500
008 - FIXED-LENGTH DATA ELEMENTS--GENERAL INFORMATION
fixed length control field 180718b2005 xxu||||| |||| 00| 0 eng d
100 ## - MAIN ENTRY--PERSONAL NAME
Personal name Orton, Michael
245 ## - TITLE STATEMENT
Title New labour ambiguity, or neo-liberal consistency? The debate about racial inequality in employment and the use of contract compliance
260 ## - PUBLICATION, DISTRIBUTION, ETC.
Date of publication, distribution, etc. 2005
300 ## - PHYSICAL DESCRIPTION
Extent p.255-72.
362 ## - DATES OF PUBLICATION AND/OR SEQUENTIAL DESIGNATION
Dates of publication and/or sequential designation Apr
650 ## - SUBJECT ADDED ENTRY--TOPICAL TERM
Topical term or geographic name entry element Racial discrimination
650 ## - SUBJECT ADDED ENTRY--TOPICAL TERM
Topical term or geographic name entry element Employment
700 ## - ADDED ENTRY--PERSONAL NAME
Personal name Ratcliffe, Peter
773 ## - HOST ITEM ENTRY
Main entry heading Journal of Social Policy
909 ## -
-- 66326
Holdings
Withdrawn status Lost status Damaged status Not for loan Permanent Location Current Location Date acquired Serial Enumeration / chronology Barcode Date last seen Price effective from Koha item type
        Indian Institute of Public Administration Indian Institute of Public Administration 2018-07-19 Volume no: 34, Issue no: 2 AR66778 2018-07-19 2018-07-19 Articles

Powered by Koha